Effects of molybdenum nanoparticles on the interface between lead-free solder and nickel substrate /
Saved in:
| 主要作者: | |
|---|---|
| 格式: | Thesis 图书 |
| 语言: | English |
| 出版: |
2013.
|
| 主题: | |
| 在线阅读: | http://studentsrepo.um.edu.my/id/eprint/8180. |
| 标签: |
添加标签
没有标签, 成为第一个标记此记录!
|
| LEADER | 01502cam a2200349 i 4500 | ||
|---|---|---|---|
| 001 | u885809 | ||
| 003 | SIRSI | ||
| 005 | 201308061604 | ||
| 008 | 130806s2013 my a m 000 0 eng m | ||
| 040 | |a UMM |d UMJ |d AUM |e rda | ||
| 090 | |a TJ7 |b UM 2013 Mah | ||
| 097 | |a TJ7 |b UM 2013 Mah | ||
| 100 | 1 | |a Mahdavifard, Mohammad Hossein. | |
| 245 | 1 | 0 | |a Effects of molybdenum nanoparticles on the interface between lead-free solder and nickel substrate / |c Mohammad Hossein Mahdavifard. |
| 264 | 1 | |c 2013. | |
| 264 | 4 | |c 2013. | |
| 300 | |a xiv, 65 leaves : |b illustrations. ; |c 30 cm. | ||
| 336 | |a text |2 rdacontent | ||
| 337 | |a unmediated |2 rdamedia | ||
| 338 | |a volume |2 rdacarrier | ||
| 502 | |b M.Eng. |c Jabatan Kejuruteraan Mekanik, Fakulti Kejuruteraan, Universiti Malaya |d 2013. | ||
| 504 | |a Bibliography: leaves 56-65. | ||
| 650 | 0 | |a Nanoparticles. | |
| 650 | 0 | |a Nanocomposites (Materials). | |
| 650 | 0 | |a Solder and soldering. | |
| 710 | 2 | |a Universiti Malaya. |b Jabatan Kejuruteraan Mekanik, |e degree granting institution. | |
| 856 | 4 | 1 | |u http://studentsrepo.um.edu.my/id/eprint/8180. |
| 900 | |a AT-ZA | ||
| 596 | |a 1 7 25 | ||
| 999 | |a TJ7 UM 2013 MAH |w LC |c 1 |i A515667151 |d 27/11/2013 |f 27/11/2013 |g 1 |l STACKS |m P01UTAMA |r Y |s Y |t TESIS |u 25/11/2013 | ||
| 999 | |a TJ7 UM 2013 MAH |w LC |c 1 |i A516085838 |d 31/12/2014 |f 31/12/2014 |g 1 |l STACKS |m P07JURUTER |r N |s Y |t TESIS |u 31/12/2014 | ||
| 999 | |a TJ7 UM 2013 MAH |w LC |c 1 |i A516083593 |d 31/12/2014 |f 31/12/2014 |g 1 |l STACKS |m P25UMARCHI |r N |s Y |t CD |u 31/12/2014 |1 STEM |o .STAFF. MST-CD2960 | ||
